| 000 | 00932 a2200205 4500 | ||
|---|---|---|---|
| 003 | Nust | ||
| 005 | 20230128133039.0 | ||
| 010 | _a 76932371 | ||
| 040 | _cNust | ||
| 082 | _a922,AHM | ||
| 100 |
_aJamil Ahmad, Khwaja _9108001 |
||
| 245 |
_aHundred great Muslims / _cJamil Ahmad |
||
| 250 | _a1st ed | ||
| 260 |
_aLahore, _bFerozsons _c1971 |
||
| 300 |
_axvii, 573 p _b23 cm |
||
| 505 | _aHazrat Muhammad The Prophet of Islam (Page-3), Great Leaders (Page-12), Great Women (Page-67), Religious Teachers (Page-81), Sufis and Saints (Page-119), Thinkers and Scientists (Page-141), Poets and writes (Page-197), Artist and Musicians (Page-263), Reformers, Revolutionaries and Patriots (Page-291) ,Rules, Statesman and Administrators (Page-359), Soldiers, General and Conquerors (Page-431), Historians, Geographers and Explorers (Page-489). | ||
| 600 |
_aJamil Ahmad, Khwaja _9108001 |
||
| 650 |
_aBiography _9461 |
||
| 942 |
_2ddc _cBK |
||
| 999 |
_c186939 _d186939 |
||